Statistics for Highest Grossing Movies of 1997

Click here to take the quiz!

General Stats

  • This quiz has been taken 73 times
  • The average score is 9 of 39

Answer Stats

RankGrossMovieCompany% Correct
11$252,700,000HerculesWalt Disney Pictures
87%
1$2,187,500,000Titanic20th Century Fox – Paramount Pictures
87%
14$238,200,000Batman & RobinWarner Bros. – DC Comics
74%
18$178,000,000FlubberWalt Disney Pictures
52%
7$302,700,000Liar LiarUniversal Pictures
52%
20$172,400,000Scream 2Dimension Films
48%
15$225,900,000Good Will HuntingMiramax Films
43%
33$125,200,000I Know What You Did Last SummerColumbia Pictures
39%
24$161,400,000Alien Resurrection20th Century Fox
35%
34$124,900,000Donnie BrascoTriStar Pictures
35%
3$589,400,000Men in BlackColumbia Pictures
35%
19$174,400,000George of the JungleWalt Disney Pictures
30%
39$109,400,000The GamePolyGram Filmed Entertainment
30%
29$137,000,000Conspiracy TheoryWarner Bros. Pictures
26%
2$618,600,000The Lost World: Jurassic Park20th Century Fox
26%
4$333,000,000Tomorrow Never DiesUnited Artists
26%
37$121,200,000Starship TroopersTriStar Pictures
22%
23$164,500,000Speed 2: Cruise Control20th Century Fox
17%
9$263,900,000The Fifth ElementColumbia Pictures
17%
28$140,000,000Anastasia20th Century Fox
13%
8$299,300,000My Best Friend's WeddingTriStar Pictures
13%
26$153,000,000The Devil's AdvocateWarner Bros. Pictures
13%
6$314,100,000As Good as It GetsTriStar Pictures
9%
17$178,100,000Dante's PeakUniversal Pictures
9%
13$245,700,000Face/OffParamount – Touchstone Pictures
9%
32$126,200,000L.A. ConfidentialWarner Bros. Pictures
9%
38$110,400,000The PeacemakerDreamWorks Pictures
9%
22$169,400,000The SaintParamount Pictures
9%
35$122,800,000VolcanoFox 2000 Pictures
9%
5$315,200,000Air Force OneColumbia Pictures
4%
30$136,000,000AnacondaColumbia Pictures
4%
12$251,200,000Bean: The Ultimate Disaster MovieGramercy Pictures
4%
16$224,000,000Con AirTouchstone Pictures
4%
36$122,400,000MouseHuntDreamWorks Pictures
4%
31$131,500,000Seven Years in TibetTriStar Pictures
4%
10$258,000,000The Full MontyFox Searchlight Pictures
4%
25$159,300,000The JackalUniversal Pictures
4%
21$171,100,000ContactWarner Bros. Pictures
0%
27$140,800,000The Devil's OwnColumbia Pictures
0%

Score Distribution

Percentile by Number Answered

Percent of People with Each Score

Your Score History

You have not taken this quiz